LEADER 01655nam a2200289 i 4500 001 000000248534 003 CaOOAMICUS 005 20250721090218.0 008 160331s1715 it u000 u lat u 013 $a227439 040 $aSeMil$bita 100 1 $aTettamanzi, Fabrizio.$0(OLS)http://semarc/name/83095 245 10$aUffizio de' morti tutto in canto fermo incominciando dal vespero con l'intonazione de' salmi si come al mattutino; con il modo di cantare le lezioni, e responsorj con la messa .. conforme all'uso del ritmo romano. .. dal padre Fabrizio Tettamanzi . 260 $aIn Milano :$bNelle stampe di Francesco Agnelli scultore, & stampatore,$c1715. 300 $a80 p. :$bmus. ;$cin 8°. 500 $aIniz., fregi xilogr. 500 $aCors. ; rom. 500 $aSegn.: A2 B-L4 500 $aVignetta xilogr. sul front. 650 4$aCanto liturgico - Manuali.$0(OLS)http://semarc/subject/6143 650 4$aLibri liturgici - Rituali - Esequie - Rito romano.$0(OLS)http://semarc/subject/42823 700 1 $aAgnelli, Francesco,$c.$0(OLS)http://semarc/name/11929 850 $aSeMil 852 $aSeMil$W1$xVenegono$y1$m3K III 105 FA$j198880$B198880$CSeMilBibl$Z2$F210189 $8I 996 $6245$aUffizio de' morti tutto in canto fermo incominciando dal vespero con l'intonazione de' salmi si come al mattutino; con il modo di cantare le lezioni, e responsorj con la messa .. conforme all'uso del ritmo romano. .. dal padre Fabrizio Tettamanzi .$9(OLS)http://semarc/title/350711 996 $6260$aIn Milano :$bNelle stampe di Francesco Agnelli scultore, & stampatore$9(OLS)http://semarc/publisher/55278 LEADER 01508nam a2200289 i 4500 001 000000207391 003 CaOOAMICUS 005 20250318142929.0 008 111027s1994 it u000 u ita u 013 $a186169 040 $aSeMil$bita 100 1 $aMassenet, Jules,$d<1842-1912>.$0(OLS)http://semarc/name/93887 245 12$aL'histoire de Manon :$bballetto in tre atti /$cmusica di Jules Massenet da brani musicali di Jules Massenet arrangiati orchestrati da Leighton Lucas ; coreografia di Kennet Macmillan ripresa da Monica Parker ; scene e costumi di Nicholas Georgiadis. 264 1$aMilano :$bEdizioni del Teatro alla Scala,$c1994. 300 $a79 p. :$bill. ;$c27 cm. 650 4$aOpera in musica - Testi.$0(OLS)http://semarc/subject/38309 650 4$aMelodramma - Testi.$0(OLS)http://semarc/subject/10519 700 1 $aGeorgiadis, Nicholas.$0(OLS)http://semarc/name/74478 700 1 $aParker, Monica.$0(OLS)http://semarc/name/74477 700 1 $aMacmillan, Kennet.$0(OLS)http://semarc/name/74476 773 0 $tStagione d'opera e balletto 1993-94.$dMilano : Edizioni del Teatro alla Scala, 1993.$w()25433 850 $aSeMil 852 $aSeMil$W1$xVenegono$y1$m3Q V 61$j157853$B157853$CSeMilBibl$Z2$F171189 $81 961 $aLascito: Barbarisi Gennaro 996 $6245$aL'histoire de Manon :$bballetto in tre atti$9(OLS)http://semarc/title/299971 996 $6264$aMilano :$bEdizioni del Teatro alla Scala$9(OLS)http://semarc/publisher/36461